000 00308nam a22001337a 4500
008 170928b xxu||||| |||| 00| 0 eng d
020 _a9780205217311
041 _aeng
080 _212TH
_a37
100 _a47
101 _aEDU
245 _aCOLLEGE READING AND STUDY SKILLS
_cWHORTER,K.T
942 _2udc
_cBK
999 _c30554
_d30554